000 00717nam a2200265Ia 4500
003 OSt
005 20220912144915.0
006 a|||||r|||| 00| 0
007 ta
008 220909b |||||||| |||| 00| 0 eng d
024 _a70384
037 _cTextual
040 _aCSL
_beng
_cCSL
041 _aeng
082 _aB313, 122K8
100 _aLumer G
245 0 _aAlgebres de fonctions et espaces de hardy
260 _aBerlin
_bSpringer-Verlag
_c1968
300 _aiv,80p.
_ccm.
490 _aLecture notes in mathematics; 75
500 _aAppendix 65-69p; Bibliography 70-72p
650 _aFunction space
942 _hB313, 122K8
_cTEXL
_2CC
999 _c18817
_d18817